[Event "PGNiG POL Cup"]
[Site "Elblag"]
[Date "2022.04.09"]
[Round "1"]
[White "Socko, Bartosz"]
[Black "Krasniewski, Szymon"]
[Result "1-0"]
[WhiteElo "2636"]
[BlackElo "1722"]
[PlyCount "53"]
[EventDate "2022.04.09"]
[EventType "swiss (rapid)"]
[EventRounds "9"]
[EventCountry "POL"]
[SourceTitle "CBM 207 Extra"]
[Source "ChessBase"]
[SourceDate "2022.05.31"]
[SourceVersion "1"]
[SourceVersionDate "2022.05.31"]
[SourceQuality "1"]

1. Nf3 Nf6 2. c4 g6 3. d4 Bg7 4. g3 0-0 5. Bg2 d6 6. 0-0 c5 7. d5 e5 8. dxe6 fxe6 9. Nc3 Nc6 10. Bg5 h6 11. Bxf6 Bxf6 12. Qd2 Bg7 13. Rad1 Nd4 14. Qd3 g5 15. Nd2 e5 16. e3 Bf5 17. Nde4 Nc6 18. Qxd6 Qxd6 19. Nxd6 Be6 20. Nxb7 Bxc4 21. Bxc6 Bxf1 22. Kxf1 Rf6 23. Bd5+ Kf8 24. Nxc5 Rd8 25. Ne6+ Rxe6 26. Bxe6 Rxd1+ 27. Nxd1 1-0

[Event "POL-ch U17 Qual"]
[Site "Jastrzebia Gora"]
[Date "2021.11.20"]
[Round "8"]
[White "Lenart, Jakub"]
[Black "Krasniewski, Szymon"]
[Result "1-0"]
[WhiteElo "1660"]
[BlackElo "1821"]
[PlyCount "103"]
[EventDate "2021.11.15"]
[EventType "swiss"]
[EventRounds "9"]
[EventCountry "POL"]
[SourceTitle "EXT 2023"]
[Source "ChessBase"]
[SourceDate "2022.10.05"]
[SourceVersion "1"]
[SourceVersionDate "2022.10.05"]
[SourceQuality "1"]

1. d4 Nf6 2. c4 g6 3. Nc3 Bg7 4. e4 d6 5. h3 0-0 6. Bg5 Nbd7 7. Bd3 e5 8. d5 a5 9. Qd2 Nc5 10. Bc2 Qe8 11. g4 Qd7 12. Nge2 b6 13. b3 Ba6 14. a4 Ne8 15. 0-0-0 f6 16. Be3 Rf7 17. Rdf1 f5 18. gxf5 gxf5 19. f3 f4 20. Bf2 Kh8 21. Qe1 Qe7 22. Rfg1 Bf6 23. Rg2 Rg7 24. Rhg1 Rxg2 25. Rxg2 Ng7 26. Qg1 Rg8 27. Kd1 Bc8 28. Nb5 Bxh3 29. Rh2 Bc8 30. Nxf4 exf4 31. e5 Nf5 32. Qh1 Bxe5 33. Qe1 Rg7 34. Na7 Bd7 35. Bxf5 Bxf5 36. Nc6 Qe8 37. Bd4 Nd3 38. Qe2 Nb4 39. Nxe5 dxe5 40. Bxe5 Bg6 41. Qb2 Qf7 42. Qd4 Nd3 43. Bf6 Nc5 44. Re2 Nd7 45. Bxg7+ Qxg7 46. Qxg7+ Kxg7 47. Re7+ Kf6 48. Rxd7 Ke5 49. Rxc7 h5 50. Rc6 Bf7 51. Rh6 Kf5 52. d6 1-0

[Event "POL-ch U17 Qual"]
[Site "Jastrzebia Gora"]
[Date "2021.11.19"]
[Round "7"]
[White "Krasniewski, Szymon"]
[Black "Ciborowski, Konrad Jr"]
[Result "0-1"]
[WhiteElo "1821"]
[BlackElo "1871"]
[PlyCount "68"]
[EventDate "2021.11.15"]
[EventType "swiss"]
[EventRounds "9"]
[EventCountry "POL"]
[SourceTitle "EXT 2023"]
[Source "ChessBase"]
[SourceDate "2022.10.05"]
[SourceVersion "1"]
[SourceVersionDate "2022.10.05"]
[SourceQuality "1"]

1. d4 f5 2. c4 Nf6 3. Nc3 d6 4. Nf3 g6 5. g3 Bg7 6. Bg2 0-0 7. 0-0 c6 8. Re1 Nh5 9. e4 f4 10. Ne2 fxg3 11. fxg3 Na6 12. Be3 Bd7 13. Qd2 Rb8 14. Bh6 c5 15. Bxg7 Kxg7 16. Rf1 b5 17. Ng5 Qb6 18. Rxf8 Rxf8 19. d5 bxc4 20. Qc3+ Kg8 21. Bh3 Bxh3 22. Nxh3 Rb8 23. Rb1 Qb4 24. Qc2 Nc7 25. Nc3 Nb5 26. Nxb5 Rxb5 27. Nf2 c3 28. b3 c4 29. Nd1 cxb3 30. Rxb3 Qd4+ 31. Kh1 Rxb3 32. axb3 Nf6 33. Nxc3 Ng4 34. Nd1 Qxd1+ 0-1

[Event "POL-ch U17 Qual"]
[Site "Jastrzebia Gora"]
[Date "2021.11.16"]
[Round "3"]
[White "Borkowski, Szymon"]
[Black "Krasniewski, Szymon"]
[Result "1/2-1/2"]
[WhiteElo "1696"]
[BlackElo "1821"]
[PlyCount "147"]
[EventDate "2021.11.15"]
[EventType "swiss"]
[EventRounds "9"]
[EventCountry "POL"]
[SourceTitle "EXT 2023"]
[Source "ChessBase"]
[SourceDate "2022.10.05"]
[SourceVersion "1"]
[SourceVersionDate "2022.10.05"]
[SourceQuality "1"]

1. d4 Nf6 2. c4 g6 3. Nc3 Bg7 4. e4 d6 5. Nf3 0-0 6. Be2 e5 7. 0-0 Nc6 8. d5 Ne7 9. b4 Nh5 10. Re1 Nf4 11. Bxf4 exf4 12. Rc1 f5 13. Bd3 fxe4 14. Nxe4 h6 15. Qe2 Nf5 16. c5 Nh4 17. cxd6 Nxf3+ 18. Qxf3 cxd6 19. Nc3 Bf5 20. Bxf5 Rxf5 21. Qg4 Qg5 22. Qxg5 Rxg5 23. Nb5 a6 24. Nc7 Rc8 25. h4 Re5 26. Red1 Kf7 27. Ne6 Rxd5 28. Nxg7 Kxg7 29. Rxd5 Rxc1+ 30. Kh2 Rc2 31. Rxd6 Rxf2 32. Rb6 Rxa2 33. Kh3 g5 34. hxg5 hxg5 35. Rxb7+ Kg6 36. b5 axb5 37. Rxb5 Ra3+ 38. Kh2 g4 39. Kg1 Ra1+ 40. Kf2 Ra2+ 41. Kf1 Kf6 42. Rc5 Ra6 43. Rh5 Re6 44. Ra5 Re5 45. Ra8 Kg5 46. Kf2 Rb5 47. Rg8+ Kf5 48. Rf8+ Ke4 49. Re8+ Re5 50. Ra8 Rd5 51. Re8+ Kd3 52. Ra8 Rd4 53. Rc8 Rc4 54. Rd8+ Kc2 55. Rd7 Kc1 56. Rd8 Rc2+ 57. Kf1 Rd2 58. Rf8 Rd4 59. Kf2 Kd2 60. Re8 Kd3 61. Re7 Kd2 62. Re8 Kd1 63. Re1+ Kc2 64. Re8 Rd2+ 65. Kf1 Rd1+ 66. Kf2 g3+ 67. Kf3 Rf1+ 68. Kg4 Kd3 69. Re7 Rf2 70. Re8 Kd2 71. Re4 Rxg2 72. Rxf4 Rg1 73. Rf3 g2 74. Kg3 1/2-1/2